Sports Quiz

Random Sports or NHL Quiz

Top Selling NHL Jersey By Team Quiz Stats

 Plays Quiz not verified by Sporcle

Challenge
Share
Tweet
Embed
Score 0/30 Timer 05:00
0 Plays Today
Team % Correct
Anaheim DucksCorey Perry
82.1%
Chicago BlackhawksJonathan Toews
71.6%
Pittsburgh PenguinsSidney Crosby
69.9%
Washington CapitalsAlexander Ovechkin
63.5%
Tampa Bay LightningSteven Stamkos
55.7%
Calgary FlamesJarome Iginla
51.6%
Philadelphia FlyersClaude Giroux
50.7%
Detroit Red WingsPavel Datsyuk
48.8%
Buffalo SabresRyan Miller
48%
Boston BruinsTim Thomas
47.6%
Nashville PredatorsShea Weber
47.6%
New York IslandersJohn Tavares
47%
San Jose SharksJoe Thornton
45.9%
Edmonton OilersTaylor Hall
44.1%
Montreal CanadiansPK Subban
40.3%
Team % Correct
Carolina HurricanesJeff Skinner
37.6%
Phoenix CoyotesShane Doan
36.7%
Ottawa SenatorsDaniel Alfredsson
35.5%
New York RangersBrad Richards
32.8%
Los Angeles KingsMike Richards
32.4%
Vancouver CanucksRyan Kesler
29.9%
Toronto Maple LeafsDion Phaneuf
28.2%
Winnipeg JetsDustin Byfuglien
28%
New Jersey DevilsIlya Kovalchuk
27.3%
Columbus Blue JacketsJeff Carter
25%
St. Louis BluesTJ Oshie
20.9%
Minnesota WildDany Heatley
17.9%
Colorado AvalancheSemyon Varlamov
13.8%
Florida PanthersKris Versteeg
12.5%
Dallas StarsSteve Ott
7.5%

You're not logged in!

Compare scores with friends on all Sporcle quizzes.
OR
Log In

You Might Also Like...

Show Comments

Extras

Top Quizzes Today


Score Distribution

Your Account Isn't Verified!

In order to create a playlist on Sporcle, you need to verify the email address you used during registration. Go to your Sporcle Settings to finish the process.

Report this User

Report this user for behavior that violates our Community Guidelines.

Details: